[Event "Olongapo City Puregold op-B"]
[Site "Olongapo City"]
[Date "2015.11.20"]
[Round "6"]
[White "Morsalim, Mohmin"]
[Black "Amar, Denzel John"]
[Result "0-1"]
[WhiteElo "1887"]
[BlackElo "1957"]
[PlyCount "48"]
[EventDate "2015.11.17"]
[EventType "swiss"]
[EventRounds "9"]
[EventCountry "PHI"]
[SourceTitle "EXT 2017"]
[Source "ChessBase"]
[SourceDate "2016.10.25"]
[SourceVersion "1"]
[SourceVersionDate "2016.10.25"]
[SourceQuality "1"]

1. d4 Nf6 2. c4 g6 3. Nc3 d5 4. e3 Bg7 5. Nf3 0-0 6. cxd5 Nxd5 7. Bc4 Nb6 8. Bb3 Na6 9. h4 Bg4 10. a3 c5 11. Ne2 Rc8 12. h5 e6 13. hxg6 hxg6 14. Ne5 Bxe2 15. Qxe2 cxd4 16. exd4 Qxd4 17. Nxg6 Rfe8 18. Rh4 Qf6 19. Rf4 Qxg6 20. Rg4 Qh7 21. Bg5 Qh1+ 22. Kd2 Qxa1 23. Bc2 Rxc2+ 24. Kxc2 Qxb2+ 0-1